PERINTAH DUTI KASTAM 2017 (Record no. 4755)
[ view plain ]
| 000 -LEADER | |
|---|---|
| fixed length control field | nam a22 7a 4500 |
| 005 - DATE AND TIME OF LATEST TRANSACTION | |
| control field | 20180817155416.0 |
| 008 - FIXED-LENGTH DATA ELEMENTS--GENERAL INFORMATION | |
| fixed length control field | 180817b2018 my ||||| |||| 00| 0 eng d |
| 040 ## - CATALOGING SOURCE | |
| Original cataloging agency | AKMAL |
| 082 ## - DEWEY DECIMAL CLASSIFICATION NUMBER | |
| Classification number | 382.709595 JKDM |
| 090 ## - LOCALLY ASSIGNED LC-TYPE CALL NUMBER (OCLC); LOCAL CALL NUMBER (RLIN) | |
| Classification number (OCLC) (R) ; Classification number, CALL (RLIN) (NR) | 382.709595 |
| Local cutter number (OCLC) ; Book number/undivided call number, CALL (RLIN) | JKDM |
| 240 ## - UNIFORM TITLE | |
| Uniform title | AKTA KASTAM 1967 |
| 245 ## - TITLE STATEMENT | |
| Title | PERINTAH DUTI KASTAM 2017 |
| Remainder of title | [P.U.(A)5/2017] |
| 260 ## - PUBLICATION, DISTRIBUTION, ETC. | |
| Place of publication, distribution, etc. | JABATAN KASTAM DIRAJA MALAYSIA |
| Name of publisher, distributor, etc. | PERCETAKAN NASIONAL MALAYSIA BERHAD |
| Date of publication, distribution, etc. | 2017 |
| 300 ## - PHYSICAL DESCRIPTION | |
| Extent | 1250pg |
| Other physical details | 6cm |
| Dimensions | 29cm |
| 599 ## - LOCAL NOTE | |
| Local Note | DALAM PROSES |
| 650 ## - SUBJECT ADDED ENTRY--TOPICAL TERM | |
| Topical term or geographic name entry element | CUSTOMS DUTIES |
| General subdivision | Law and legislation |
| Geographic subdivision | Malaysia |
| 9 (RLIN) | 9098 |
| 942 ## - ADDED ENTRY ELEMENTS (KOHA) | |
| Source of classification or shelving scheme | |
| Koha item type | Book |
| Withdrawn status | Lost status | Source of classification or shelving scheme | Damaged status | Not for loan | Collection code | Home library | Current library | Shelving location | Date acquired | Inventory number | Total Checkouts | Full call number | Barcode | Date last seen | Date last checked out | Price effective from | Koha item type |
|---|---|---|---|---|---|---|---|---|---|---|---|---|---|---|---|---|---|
| NON-FICTION | AKMAL Melaka | AKMAL Melaka | PINJAMAN | 17.08.2018 | 307193 | 3 | 382.709595 JKDM | 201707703 | 30.03.2023 | 30.03.2023 | 17.08.2018 | Book | |||||
| NON-FICTION | AKMAL Melaka | AKMAL Melaka | PINJAMAN | 17.08.2018 | 307194 | 2 | 382.709595 JKDM | 201707702 | 17.06.2025 | 16.06.2025 | 17.08.2018 | Book | |||||
| NON-FICTION | AKMAL Melaka | AKMAL Melaka | PINJAMAN | 17.08.2018 | 307195 | 382.709595 JKDM | 201707701 | 17.08.2018 | 17.08.2018 | Book | |||||||
| NON-FICTION | AKMAL Melaka | AKMAL Melaka | PINJAMAN | 17.08.2018 | 307196 | 1 | 382.709595 JKDM | 201707700 | 27.07.2022 | 10.06.2022 | 17.08.2018 | Book | |||||
| NON-FICTION | AKMAL Melaka | AKMAL Melaka | PINJAMAN | 17.08.2018 | 307197 | 382.709595 JKDM | 201707699 | 17.08.2018 | 17.08.2018 | Book |
